000 00652nam a2200229Ia 4500
003 OSt
005 20220928151859.0
006 a|||||r|||| 00| 0
007 ta
008 220927b |||||||| |||| 00| 0 eng d
024 _a132027
037 _cTextual
040 _aSDCL
_cSDCL
_beng
041 _2eng
_aeng
082 _aD6,8(B),7, N4-N4;1
100 _aPopovic Dobrivoje Au.
_9518431
245 0 _aMethod and tools for applied artificial intelligence
260 _c1994
700 _a Bhatkar Vijay P.
_9518432
942 _hD6,8(B),7, N4-N4;1
_cTEXL
_2CC
999 _c853308
_d853308